Human Resource Management (Record no. 5350)
[ view plain ]
| 000 -LEADER | |
|---|---|
| fixed length control field | 00327nam a2200145Ia 4500 |
| 008 - FIXED-LENGTH DATA ELEMENTS--GENERAL INFORMATION | |
| fixed length control field | 191201s2011 xx 000 0 und d |
| 082 ## - DEWEY DECIMAL CLASSIFICATION NUMBER | |
| Classification number | 658.3 |
| Item number | ASH |
| 100 ## - MAIN ENTRY--PERSONAL NAME | |
| Personal name | ASWATHAPPA, S K |
| 245 #0 - TITLE STATEMENT | |
| Title | Human Resource Management |
| 250 ## - EDITION STATEMENT | |
| Edition statement | Rep |
| 260 ## - PUBLICATION, DISTRIBUTION, ETC. (IMPRINT) | |
| Place of publication, distribution, etc | N. Delhi |
| Name of publisher, distributor, etc | TMH |
| Date of publication, distribution, etc | 2011 |
| 300 ## - PHYSICAL DESCRIPTION | |
| Extent | 829 |
| 650 ## - SUBJECT ADDED ENTRY--TOPICAL TERM | |
| Topical term or geographic name as entry element | MBA |
| 942 ## - ADDED ENTRY ELEMENTS (KOHA) | |
| Source of classification or shelving scheme | Dewey Decimal Classification |
| Koha item type | Text Books |
| Withdrawn status | Lost status | Source of classification or shelving scheme | Damaged status | Not for loan | Collection code | Home library | Current library | Date acquired | Source of acquisition | Bill Number | Total Checkouts | Full call number | Acc. no. / Barcode | Date last seen | Date last borrowed | Bill Date | Koha item type | Public note | Cost, normal purchase price | Checked out |
|---|---|---|---|---|---|---|---|---|---|---|---|---|---|---|---|---|---|---|---|---|
| Dewey Decimal Classification | BBA | PIET C-LIBRARY | PIET C-LIBRARY | 24/02/2014 | Donated by Parul Gupta MBA | Donated by Parul Gupta MBA | 8 | 658.3 ASH | 22996 | 08/05/2026 | 30/04/2026 | 21/02/2014 | Text Books | Donated by Parul Gupta MBA | ||||||
| Dewey Decimal Classification | MBA | PIET C-LIBRARY | PIET C-LIBRARY | 03/10/2008 | J B C, New Delhi | S1-2182 | 658.3 ASH | 9222 | 04/12/2019 | 01/08/2008 | Text Books | 335.00 | ||||||||
| Dewey Decimal Classification | MBA | PIET C-LIBRARY | PIET C-LIBRARY | 03/10/2008 | J B C, New Delhi | S1-2182 | 658.3 ASH | 9223 | 04/12/2019 | 01/08/2008 | Text Books | 335.00 | ||||||||
| Dewey Decimal Classification | MBA | PIET C-LIBRARY | PIET C-LIBRARY | 03/10/2008 | J B C, New Delhi | S1-2182 | 1 | 658.3 ASH | 9224 | 09/07/2022 | 14/03/2022 | 01/08/2008 | Text Books | 335.00 | ||||||
| Dewey Decimal Classification | MBA | PIET C-LIBRARY | PIET C-LIBRARY | 03/10/2008 | J B C, New Delhi | S1-2182 | 2 | 658.3 ASH | 9225 | 13/01/2024 | 13/01/2024 | 01/08/2008 | Text Books | 335.00 | 11/07/2024 | |||||
| Dewey Decimal Classification | BBA | PIET C-LIBRARY | PIET C-LIBRARY | 29/07/2011 | The book company | IN-858 | 1 | 658.3 ASH | 17586 | 07/02/2025 | 07/02/2025 | 27/07/2011 | Text Books | 399.00 | 21/02/2025 | |||||
| Dewey Decimal Classification | BBA | PIET C-LIBRARY | PIET C-LIBRARY | 29/07/2011 | The book company | IN-858 | 658.3 ASH | 17587 | 04/12/2019 | 27/07/2011 | Text Books | 399.00 | ||||||||
| Dewey Decimal Classification | MBA | PIET C-LIBRARY | PIET C-LIBRARY | 11/07/2012 | IBH, New Delhi | 4894 | 2 | 658.3 ASH | 20010 | 13/01/2023 | 11/04/2022 | 04/07/2012 | Text Books | 425.00 | ||||||
| Dewey Decimal Classification | MBA | PIET C-LIBRARY | PIET C-LIBRARY | 11/07/2012 | IBH, New Delhi | 4894 | 3 | 658.3 ASH | 20011 | 15/05/2024 | 13/05/2024 | 04/07/2012 | Text Books | 425.00 | ||||||
| Dewey Decimal Classification | MBA | PIET C-LIBRARY | PIET C-LIBRARY | 11/07/2012 | IBH, New Delhi | 4894 | 2 | 658.3 ASH | 20012 | 30/05/2025 | 02/09/2024 | 04/07/2012 | Text Books | 425.00 | ||||||
| Dewey Decimal Classification | MBA | PIET C-LIBRARY | PIET C-LIBRARY | 11/07/2012 | IBH, New Delhi | 4894 | 1 | 658.3 ASH | 20013 | 04/04/2022 | 24/03/2022 | 04/07/2012 | Text Books | 425.00 | ||||||
| Dewey Decimal Classification | MBA | PIET C-LIBRARY | PIET C-LIBRARY | 11/07/2012 | IBH, New Delhi | 4894 | 2 | 658.3 ASH | 20014 | 11/04/2022 | 01/04/2022 | 04/07/2012 | Text Books | 425.00 | ||||||
| Dewey Decimal Classification | MBA | PIET C-LIBRARY | PIET C-LIBRARY | 11/07/2012 | IBH, New Delhi | 4894 | 2 | 658.3 ASH | 20015 | 29/01/2024 | 11/01/2024 | 04/07/2012 | Text Books | 425.00 | ||||||
| Dewey Decimal Classification | MBA | PIET C-LIBRARY | PIET C-LIBRARY | 11/07/2012 | IBH, New Delhi | 4894 | 1 | 658.3 ASH | 20016 | 13/04/2022 | 04/04/2022 | 04/07/2012 | Text Books | 425.00 |